Normal view
MARC view
- COMMEDIA MUSICA [CASSETTE]
Entry Topical Term
001 - CONTROL NUMBER
- control field: 4732
003 - CONTROL NUMBER IDENTIFIER
- control field: IT-RoPau
005 - DATE AND TIME OF LATEST TRANSACTION
- control field: 20131201203207.0
008 - FIXED-LENGTH DATA ELEMENTS
- fixed length control field: 131201|| aca||aabn | a|a d
040 ## - CATALOGING SOURCE
- Original cataloging agency: IT-RoPau
- Transcribing agency: IT-RoPau
150 ## - HEADING--TOPICAL TERM
- Topical term or geographic name entry element: COMMEDIA MUSICA [CASSETTE]
- : Codice MATERIA SPICS: 9951
670 ## - SOURCE DATA FOUND
- Source citation: Work cat.: (IT-RoPau)103611: Ravel Maurice 4729, Heure espagnole (L')